000
00350nam a2200157Ia 4500
008
210716s2011 xx 000 0 und d
020
_a
9788130917573
041
_a
eng
082
_a
330 RILP
100
_a
Riley, Pippa.
245
_a
Economics.
250
_a
1
260
_a
New Delhi
_b
Viva Books
_c
2011
300
_a
299
650
_a
Economics
999
_c
207730
_d
207730